| 000 | 00609cam a22001697a 4500 | ||
|---|---|---|---|
| 008 | 180718b1995 xxu||||| |||| 00| 0 eng d | ||
| 020 | _a8185952272 | ||
| 082 | _aR18x54 M314u | ||
| 100 | _aManjit Singh | ||
| 245 |
_aUneven development in agriculture and labour migration: a case of Bihar and Punjab _cby Manjit Singh |
||
| 260 |
_aShimla _bIndian Institute of Advanced Study _c1995 |
||
| 300 | _a213p. | ||
| 650 | _aAgricultural development - India - Punjab | ||
| 650 | _aAgricultural development - India - Bihar | ||
| 650 | _aMigratory labour - India - Punjab | ||
| 650 | _aMigratory labour India - Bihar | ||
| 999 |
_c378901 _d378901 |
||